Football les 10 joueurs les plus capés du FC Barcelone - Statistiques

Statistiques générales
  • Ce quiz a été pris 200 fois
  • Le résultat moyen est 7 sur 10
Statistiques - réponses
Nbr de match Joueurs % Correct
778 Messi
100%
674 Iniesta
94%
767 Xavi
94%
722 Busquets
83%
593 Puyol
83%
616 Pique
79%
536 Valdes
65%
459 Alba
59%
550 Migueli
1%
449 Rexach
1%
Aucun quiz correspondant
Distribution des résultats
% des personnes avec chaque résultat
Percentile par nombre de réponses
Votre historique - résultats
Vous n’avez pas pris ce quiz